000 00635nam a2200121Ia 4500
008 220615s9999||||xx |||||||||||||| ||und||
245 0 _aAndean States and the Resource Curse
_bInstitutional Change in Extractive Economies
546 _aEnglish[eng]
650 _aExtractive industries||Development economics and emerging economies||Applied ecology||Environmental management||Environmental policy and protocols||Politics and government||Environmental science, engineering and technology
700 _aDamonte, Gerardo||Schorr, Bettina
856 _uhttps://library.oapen.org/bitstream/20.500.12657/51558/1/9781000527025.pdf
942 _cEB
999 _c18822
_d18822